| 000 | 01176cam a2200289 4500 | ||
|---|---|---|---|
| 001 | D15465 | ||
| 008 | 090401t1965 xxu||||| |||| 00| 0 eng d | ||
| 035 | _a(Sirsi) u23023 | ||
| 041 | _aeng | ||
| 050 |
_a724.4 _c18 |
||
| 110 |
_aRoyal Institution of Chartered Surveyors _94900 |
||
| 245 | 2 | _aA guide to the institution headquarters and collections | |
| 260 |
_a[S.l.] _bRICS _c1965 |
||
| 300 |
_a10p. _bill. _c11cm. |
||
| 350 | _a0 | ||
| 520 | _aDescribes the history of the RICS headquarters, including how the Surveyors Institution acquired the site, the rebuilding of 12 Great George Street to the designs of Alfred Waterhouse and it's further extension by Paul Waterhouse. The pamphlet describes the decoration and principle features of the public rooms at the time of publication, together with the RICS library, silver collection and works of art. Includes illustrations and plans. | ||
| 590 | _aGGS | ||
| 650 | _a11 GREAT GEORGE STREET | ||
| 650 | _a12 GREAT GEORGE STREET | ||
| 650 | _aALFRED WATERHOUSE | ||
| 650 | _aPAUL WATERHOUSE | ||
| 650 | _aRICS LIBRARY | ||
| 650 | _aRICS SILVER | ||
| 690 | _aRICS NEWS | ||
| 942 | _n0 | ||
| 948 | _c04/03/1997 | ||
| 999 |
_c88302 _d88302 |
||